Los mejores equipos de fútbol de cada provincia de Hego Euskal Herria - Estadísticas

Estadísticas generales
  • Esta prueba ha sido intentada 86 veces
  • La puntuación promedio es 13 de 35
Estadísticas de respuestas
Hint Respuesta % Correcto
Gipuzkoa Real Sociedad
94%
Araba Alavés
85%
Gipuzkoa Eibar
85%
Bizkaia Athletic
82%
Nafarroa Osasuna
81%
Bizkaia Barakaldo CF
74%
Gipuzkoa Real Unión
68%
Bizkaia Sestao RC
65%
Bizkaia Getxoko Arenas
53%
Bizkaia SD Amorebieta
52%
Gipuzkoa SD Beasain
50%
Bizkaia CD Getxo
47%
Nafarroa Tudelano
47%
Bizkaia CD Baskonia
37%
Gipuzkoa Tolosa CF
35%
Araba CD Laudio
34%
Araba CD Aurrera de Vitoria
32%
Nafarroa Izarra
31%
Bizkaia SD Indautxu
29%
Araba Amurrio Club
26%
Araba CD Vitoria
23%
Gipuzkoa CD Elgoibar
19%
Gipuzkoa Mondragon CF
19%
Nafarroa UDC Txantrea
18%
Gipuzkoa Ordizia KE
15%
Bizkaia SD Lemona
15%
Gipuzkoa Touring KE
15%
Nafarroa Peña Sport FC
13%
Bizkaia SD Erandio Club
11%
Nafarroa CD Iruña
8%
Nafarroa CD Oberena
5%
Gipuzkoa SD Euskalduna
5%
Nafarroa UD Mutilvera
5%
Nafarroa CD Azkoyen
2%
Nafarroa CD Alesves
0%
No se encontraron pruebas coincidentes
Distribución de puntuación
Porcentaje de gente con cada puntuación
Porcentaje por número respondido
Historial de tus puntuaciones
No has intentado esta prueba.